000 01036nam a22002894c 4500
003 AR-BaSMT
008 240627b2020 enka|||ar|||| 000 1 ing d
020 _a9781474970136
040 _aBSGB
_bespañol
_erda
041 0 _aing
_hInglés
080 _a82-34
100 1 _aPunter, Russell
_9475
245 1 0 _aSam Sheep can't sleep
264 _aLondres :
_bUsrborne,
_c2020
300 _a24 páginas ;
_bilustraciones color
336 _2rdacontent
_atexto
_btxt
337 _2rdamedia
_asin mediación
_bn
338 _2rdacarrier
_avolumen
_bnc
490 _aUsborne Phonics Readers
520 _aSam Sheep can't sleep. His friends Pup, Fat Cat and Ted can't think how to help. But does Big Pig have the answer? Find out in this charming addition to the Phonics Readers series, illustrated by Stephen Cartwright.
521 _aJardín / Primaria
650 7 _98
_aLITERATURA INFANTIL
_vInglés
_xPhonics
650 7 _923
_aCUENTO
700 1 _aCartwright, Stephen
_9477
_eIlustrador
942 _2ddc
_aBOOK
999 _c641
_d641